Rise of China and the Asian Century / (Record no. 614727)

000 -LEADER
fixed length control field 00369nam a22001337a 4500
020 ## - INTERNATIONAL STANDARD BOOK NUMBER
International Standard Book Number 9789698535360
040 ## - CATALOGING SOURCE
Transcribing agency NUST
082 ## - DEWEY DECIMAL CLASSIFICATION NUMBER
Classification number 327.51054
Author Mark HAS
100 ## - MAIN ENTRY--PERSONAL NAME
Personal name Javed, Syed Hasan
245 ## - TITLE STATEMENT
Title Rise of China and the Asian Century /
Statement of responsibility, etc. Syed Hasan Javed
260 ## - PUBLICATION, DISTRIBUTION, ETC.
Place of publication, distribution, etc. Islamabad :
Name of publisher, distributor, etc. NUST Publishing ,
Date of publication, distribution, etc. 2016.
300 ## - PHYSICAL DESCRIPTION
Extent 200p. ;
Other physical details Hardbinding,
Dimensions 22cm.
942 ## - ADDED ENTRY ELEMENTS (KOHA)
Source of classification or shelving scheme
Koha item type Book
Holdings
Withdrawn status Lost status Source of classification or shelving scheme Damaged status Not for loan Permanent Location Current Location Shelving location Date acquired Total Checkouts Full call number Barcode Date last seen Price effective from Koha item type
          School of Mechanical & Manufacturing Engineering (SMME) School of Mechanical & Manufacturing Engineering (SMME) General Stacks 09/22/2025   327.51054 HAS SMME-4671 09/22/2025 09/22/2025 Book
© 2023 Central Library, National University of Sciences and Technology. All Rights Reserved.